Socio-Economic Inequalities and Fiscal Sustainability: Evidence from Slovakia and the European Union

Enregistré dans:
Détails bibliographiques
Auteur principal: Čaplánová, Anetta, 1967-
Format: Chapitre de livre
Langue:anglais
Sujets:
Tags: Ajouter un tag
Pas de tags, Soyez le premier à ajouter un tag!

MARC

LEADER 00000naa a2200000 4500
001 0314544
005 20260127082552.1
041 0 |a eng 
044 |a GB 
245 1 0 |a Socio-Economic Inequalities and Fiscal Sustainability: Evidence from Slovakia and the European Union  |c Anetta Čaplánová 
500 |a Abstrakt 
610 2 0 |a politika hospodárska 
610 2 0 |a udržateľnosť 
610 2 0 |a udržateľnosť fiškálna 
610 2 0 |a riadenie 
610 2 0 |a nerovnosť 
610 2 0 |a zdravie 
610 2 0 |a rozdiely regionálne 
100 1 |a Čaplánová, Anetta, 1967-